[Event "SVK-chT1W 0001"]
[Site "Slovakia"]
[Date "2001.??.??"]
[Round "11"]
[White "Rachela, Jozef"]
[Black "Majzlan, Igor"]
[Result "0-1"]
[WhiteElo "2130"]
[BlackElo "2158"]
[PlyCount "58"]
[EventDate "2000.??.??"]
[EventType "team"]
[EventRounds "11"]
[EventCountry "SVK"]
[SourceTitle "EXT 2002"]
[Source "ChessBase"]
[SourceDate "2001.11.25"]
[SourceVersion "1"]
[SourceVersionDate "2001.11.25"]
[SourceQuality "1"]

1. c4 e5 2. Nc3 Nc6 3. g3 g6 4. Bg2 Bg7 5. Nf3 Nge7 6. d3 0-0 7. 0-0 d6 8. e3 h6 9. Bd2 Be6 10. a3 a5 11. Qc2 Qd7 12. Rfe1 Bh3 13. Bh1 f5 14. Rac1 f4 15. Nd5 fxg3 16. hxg3 Rf7 17. Nh4 g5 18. Nxe7+ Nxe7 19. Ng2 Raf8 20. Rf1 b6 21. b4 axb4 22. axb4 Bg4 23. Bc3 Bf3 24. Ne1 Bxh1 25. Kxh1 h5 26. Qe2 Qh3+ 27. Kg1 h4 28. g4 Rf3 29. Nxf3 Qxg4+ 0-1

[Event "SVK-chT 9900"]
[Site "Slovakia"]
[Date "1999.??.??"]
[Round "3"]
[White "Horvath, Mario"]
[Black "Majzlan, Igor"]
[Result "1-0"]
[WhiteElo "2245"]
[BlackElo "2155"]
[PlyCount "103"]
[EventDate "1999.??.??"]
[EventType "team"]
[EventRounds "11"]
[EventCountry "SVK"]
[SourceTitle "EXT 2001"]
[Source "ChessBase"]
[SourceDate "2000.11.22"]
[SourceVersion "1"]
[SourceVersionDate "2000.11.22"]
[SourceQuality "1"]

1. d4 Nf6 2. c4 g6 3. g3 Bg7 4. Bg2 d6 5. Nf3 0-0 6. Nc3 Nbd7 7. 0-0 e5 8. e4 a6 9. d5 Nc5 10. Ne1 a5 11. b3 Ne8 12. Be3 f5 13. f3 f4 14. Bf2 fxg3 15. hxg3 Qg5 16. Rb1 Nf6 17. a3 Nh5 18. b4 axb4 19. axb4 Na6 20. Ne2 Nb8 21. Qd3 Bh6 22. Nc2 Qe7 23. c5 Nd7 24. cxd6 cxd6 25. Ra1 Rxa1 26. Rxa1 Ndf6 27. Ne3 g5 28. g4 Nf4 29. Nxf4 gxf4 30. Nc4 Bg5 31. Ra8 Bd7 32. Rxf8+ Qxf8 33. Nb6 Be8 34. Qc4 h5 35. gxh5 Nxh5 36. Qc7 Qe7 37. Qxe7 Bxe7 38. Bh3 Bd8 39. Bc8 Ng3 40. Bxb7 Ne2+ 41. Kg2 Nc1 42. Bc6 Nd3 43. Na8 Kf8 44. b5 Nb4 45. Ba7 Ke7 46. Bxe8 Kxe8 47. b6 Na6 48. b7 Kd7 49. b8Q Nxb8 50. Bxb8 Ba5 51. Ba7 Kc8 52. Nb6+ 1-0

[Event "SVK-chT 9900"]
[Site "Slovakia"]
[Date "1999.??.??"]
[Round "2"]
[White "Majzlan, Igor"]
[Black "Marek, Stanislav"]
[Result "1/2-1/2"]
[WhiteElo "2155"]
[BlackElo "2240"]
[PlyCount "75"]
[EventDate "1999.??.??"]
[EventType "team"]
[EventRounds "11"]
[EventCountry "SVK"]
[SourceTitle "EXT 2001"]
[Source "ChessBase"]
[SourceDate "2000.11.22"]
[SourceVersion "1"]
[SourceVersionDate "2000.11.22"]
[SourceQuality "1"]

1. e4 e5 2. Nf3 Nc6 3. Bb5 a6 4. Ba4 Nf6 5. 0-0 Be7 6. Bxc6 dxc6 7. d3 Nd7 8. b3 0-0 9. Bb2 f6 10. Nbd2 c5 11. a4 Re8 12. Nc4 Nf8 13. Nh4 Ng6 14. Nxg6 hxg6 15. f4 exf4 16. Rxf4 Be6 17. Rf2 Bxc4 18. bxc4 Bd6 19. c3 Qd7 20. Qf3 a5 21. Re2 Be5 22. Rd2 Ra6 23. d4 Rd6 24. Rad1 cxd4 25. cxd4 c5 26. Qb3 Bxd4+ 27. Bxd4 Rxd4 28. Rxd4 cxd4 29. c5+ Qe6 30. Qxb7 Qxe4 31. Qxe4 Rxe4 32. c6 Re7 33. Rxd4 Rc7 34. Rc4 Kf7 35. Rc5 Ke6 36. Kf2 Kd6 37. Rxa5 Kxc6 38. Rb5 1/2-1/2

[Event "Bratislava Slovan op"]
[Site "Bratislava"]
[Date "1997.??.??"]
[Round "7"]
[White "Ac, Michal"]
[Black "Majzlan, Igor"]
[Result "1-0"]
[WhiteElo "2275"]
[BlackElo "2190"]
[PlyCount "49"]
[EventDate "1997.??.??"]
[EventType "swiss"]
[EventRounds "9"]
[EventCountry "SVK"]
[SourceTitle "EXT 1998"]
[Source "ChessBase"]
[SourceDate "1997.11.17"]
[SourceVersion "1"]
[SourceVersionDate "1997.11.17"]
[SourceQuality "1"]

1. d4 Nf6 2. c4 g6 3. Nc3 Bg7 4. e4 d6 5. f4 0-0 6. Nf3 c5 7. d5 e6 8. Be2 exd5 9. cxd5 Bg4 10. 0-0 Nbd7 11. h3 Bxf3 12. Bxf3 c4 13. Be3 a6 14. g4 h6 15. h4 Ne8 16. g5 f6 17. Bg4 Qe7 18. Be6+ Kh8 19. f5 fxg5 20. hxg5 hxg5 21. fxg6 Rxf1+ 22. Qxf1 g4 23. Qg2 Qh4 24. Bxd7 Nf6 25. Be6 1-0

[Event "Bratislava Doprastav op"]
[Site "Bratislava"]
[Date "1997.??.??"]
[Round "7"]
[White "Kleman, Miroslav"]
[Black "Majzlan, Igor"]
[Result "0-1"]
[WhiteElo "1925"]
[BlackElo "2235"]
[PlyCount "42"]
[EventDate "1997.??.??"]
[EventType "swiss"]
[EventRounds "9"]
[EventCountry "SVK"]
[SourceTitle "EXT 1999"]
[Source "ChessBase"]
[SourceDate "1998.11.16"]
[SourceVersion "1"]
[SourceVersionDate "1998.11.16"]
[SourceQuality "1"]

1. e4 c5 2. Nf3 d6 3. d4 cxd4 4. Nxd4 Nf6 5. Nc3 a6 6. Be2 e5 7. Nb3 Be7 8. Be3 Be6 9. 0-0 0-0 10. a4 Nbd7 11. Qd2 Nb6 12. Rfd1 Qc7 13. f3 d5 14. exd5 Nbxd5 15. Nxd5 Nxd5 16. Bf2 Nf4 17. Rac1 Rfd8 18. Qe3 Bg5 19. Rxd8+ Rxd8 20. Kh1 Nxe2 21. Qxe2 Bxb3 0-1

[Event "Bratislava Slovan op"]
[Site "Bratislava"]
[Date "1997.??.??"]
[Round "5"]
[White "Komora, Andrej"]
[Black "Majzlan, Igor"]
[Result "0-1"]
[WhiteElo "2205"]
[BlackElo "2190"]
[PlyCount "78"]
[EventDate "1997.??.??"]
[EventType "swiss"]
[EventRounds "9"]
[EventCountry "SVK"]
[SourceTitle "EXT 1998"]
[Source "ChessBase"]
[SourceDate "1997.11.17"]
[SourceVersion "1"]
[SourceVersionDate "1997.11.17"]
[SourceQuality "1"]

1. e4 c5 2. Nf3 d6 3. d4 cxd4 4. Nxd4 Nf6 5. Nc3 a6 6. Bc4 e6 7. 0-0 b5 8. Bb3 Be7 9. a3 0-0 10. f4 Qc7 11. Qf3 Nc6 12. Nxc6 Qxc6 13. f5 Rb8 14. Bg5 a5 15. fxe6 Bxe6 16. Nd5 Bxd5 17. exd5 Qc5+ 18. Be3 Qc8 19. a4 b4 20. h3 Nd7 21. Qg3 Ne5 22. Bd4 Ng6 23. Rf3 Qd7 24. Bc4 Bh4 25. Qh2 f5 26. Bd3 f4 27. Bf2 Bxf2+ 28. Rxf2 Qa7 29. Bxg6 hxg6 30. Raf1 g5 31. Kh1 Rbe8 32. g3 f3 33. g4 Qc5 34. Rd2 Qe3 35. Qf2 Qf4 36. Kg1 Re3 37. Rd3 Re2 38. Rxf3 Rxf2 39. R1xf2 Qxf3 0-1

[Event "SVK-chT3A 9697"]
[Site "Slovakia"]
[Date "1997.??.??"]
[Round "8"]
[White "Majzlan, Igor"]
[Black "Harasta, Vladimir"]
[Result "1/2-1/2"]
[WhiteElo "2190"]
[BlackElo "2145"]
[PlyCount "101"]
[EventDate "1996.??.??"]
[EventType "team-swiss"]
[EventRounds "11"]
[EventCountry "SVK"]
[SourceTitle "EXT 1998"]
[Source "ChessBase"]
[SourceDate "1997.11.17"]
[SourceVersion "1"]
[SourceVersionDate "1997.11.17"]
[SourceQuality "1"]

1. e4 c5 2. c3 d5 3. exd5 Qxd5 4. d4 e6 5. Nf3 Nf6 6. Be3 Nc6 7. Be2 cxd4 8. cxd4 Be7 9. Nc3 Qd6 10. 0-0 0-0 11. Qd2 b6 12. Nb5 Qd8 13. Rac1 Bb7 14. a3 Rc8 15. Rfd1 a6 16. Nc3 Na5 17. Qe1 Nc4 18. Bxc4 Rxc4 19. Ne5 Rc8 20. f3 Nd5 21. Nxd5 Qxd5 22. Rxc8 Rxc8 23. Rc1 Rxc1 24. Qxc1 Bd6 25. Qc3 f6 26. Nd3 Qc6 27. Qb3 Bc7 28. Nf4 Kf7 29. Ne2 Qd5 30. Qc3 Qc6 31. Qb3 g5 32. Qd3 Kg8 33. Ng3 Bxg3 34. hxg3 g4 35. d5 Qxd5 36. Qxd5 Bxd5 37. fxg4 b5 38. g5 f5 39. Bf4 Kf7 40. Kf2 Ke7 41. Ke3 Bxg2 42. Kd4 a5 43. Bc7 a4 44. Ke5 Bd5 45. Kf4 Kd7 46. Be5 Ba2 47. Bh8 Kd6 48. Bg7 Kd5 49. Bh8 Kc4 50. Bg7 Kd3 51. Bh8 1/2-1/2

[Event "Bratislava Doprastav op"]
[Site "Bratislava"]
[Date "1997.??.??"]
[Round "8"]
[White "Majzlan, Igor"]
[Black "Jambrich, Jaromir"]
[Result "1-0"]
[WhiteElo "2235"]
[BlackElo "1735"]
[PlyCount "65"]
[EventDate "1997.??.??"]
[EventType "swiss"]
[EventRounds "9"]
[EventCountry "SVK"]
[SourceTitle "EXT 1999"]
[Source "ChessBase"]
[SourceDate "1998.11.16"]
[SourceVersion "1"]
[SourceVersionDate "1998.11.16"]
[SourceQuality "1"]

1. e4 c6 2. d4 d5 3. Nd2 dxe4 4. Nxe4 Nd7 5. Ng5 Ngf6 6. Bd3 e6 7. N1f3 h6 8. Nxe6 fxe6 9. Bg6+ Ke7 10. Bf4 Nd5 11. Bg3 Qa5+ 12. c3 Kd8 13. 0-0 Be7 14. c4 N5f6 15. Ne5 Nxe5 16. dxe5+ Nd7 17. Bf7 Kc7 18. Qg4 Nf8 19. a3 Qd2 20. f4 Qd4+ 21. Kh1 Qe4 22. Qd1 g6 23. f5 gxf5 24. Rf4 Qe3 25. Rc1 Nh7 26. Rc3 Qb6 27. Rd4 Ng5 28. Bh4 Ne4 29. Rxe4 fxe4 30. Bxe7 Qxb2 31. Bd6+ Kd8 32. Bc5+ Bd7 33. Rb3 1-0

[Event "Tatry op"]
[Site "Tatranska Lomnica"]
[Date "1997.??.??"]
[Round "7"]
[White "Majzlan, Igor"]
[Black "Ruckschloss, Karol"]
[Result "1/2-1/2"]
[WhiteElo "2170"]
[BlackElo "2215"]
[PlyCount "147"]
[EventDate "1997.10.18"]
[EventType "swiss"]
[EventRounds "9"]
[EventCountry "SVK"]
[SourceTitle "EXT 1999"]
[Source "ChessBase"]
[SourceDate "1998.11.16"]
[SourceVersion "1"]
[SourceVersionDate "1998.11.16"]
[SourceQuality "1"]

1. e4 d6 2. d4 Nf6 3. Nc3 g6 4. Nf3 Bg7 5. Be2 0-0 6. 0-0 c6 7. Bg5 h6 8. Bf4 Kh7 9. a4 Na6 10. h3 Nb4 11. a5 c5 12. d5 Nd7 13. Bh2 Ne5 14. Nxe5 dxe5 15. Nb1 Bd7 16. c3 Na6 17. Nd2 Qc7 18. Nc4 Rad8 19. f4 exf4 20. Bxf4 Qc8 21. Qe1 Bb5 22. Qh4 f6 23. Qg3 e5 24. Be3 Qd7 25. Rf2 Bxc4 26. Bxc4 f5 27. exf5 gxf5 28. Bd3 e4 29. Bxa6 bxa6 30. Bxc5 Rg8 31. Qf4 Qxd5 32. Qxf5+ Qxf5 33. Rxf5 Rge8 34. Be3 Rb8 35. Rf7 Kg8 36. Rf2 Re7 37. Ra4 Rb5 38. Re2 Ree5 39. Bd4 Rxa5 40. Rxa5 Rxa5 41. Bxg7 Kxg7 42. Rxe4 Ra1+ 43. Kf2 Ra2 44. Re2 a5 45. c4 a4 46. c5 a3 47. bxa3 Rxa3 48. Rc2 Rb3 49. c6 Rb8 50. Ra2 Rf8+ 51. Ke3 Rf7 52. Kd4 Kf8 53. Rb2 Rf4+ 54. Ke5 Rc4 55. Kd5 Rc1 56. Rb8+ Ke7 57. Rb7+ Kd8 58. Rxa7 Rd1+ 59. Ke5 Rc1 60. Rd7+ Kc8 61. Rd6 h5 62. Kf4 Kc7 63. Rf6 h4 64. Kg5 Rc2 65. Kxh4 Rxg2 66. Kh5 Kd8 67. h4 Ke7 68. Rg6 Rh2 69. Rg4 Rc2 70. c7 Kf8 71. Rf4+ Kg7 72. Rg4+ Kh7 73. Rg5 Rxc7 74. Ra5 1/2-1/2

[Event "Bratislava Doprastav op"]
[Site "Bratislava"]
[Date "1997.??.??"]
[Round "4"]
[White "Majzlan, Igor"]
[Black "Samko, Karol"]
[Result "1-0"]
[WhiteElo "2235"]
[BlackElo "1945"]
[PlyCount "101"]
[EventDate "1997.??.??"]
[EventType "swiss"]
[EventRounds "9"]
[EventCountry "SVK"]
[SourceTitle "EXT 1999"]
[Source "ChessBase"]
[SourceDate "1998.11.16"]
[SourceVersion "1"]
[SourceVersionDate "1998.11.16"]
[SourceQuality "1"]

1. e4 c5 2. Nf3 d6 3. d4 cxd4 4. Nxd4 Nf6 5. Nc3 e6 6. Bc4 Be7 7. 0-0 Nc6 8. Bb3 0-0 9. f4 Bd7 10. Kh1 Nxd4 11. Qxd4 Qc7 12. Qd3 Bc6 13. f5 e5 14. Bg5 Ng4 15. Bxe7 Qxe7 16. h3 Nf6 17. Rad1 Rad8 18. Qe3 Nh5 19. Rf3 Qh4 20. Ne2 Bxe4 21. Rff1 Bc6 22. Bd5 Bxd5 23. Rxd5 Qc4 24. Rd2 b6 25. Qg5 Nf6 26. b3 Qa6 27. Rf3 Ne4 28. Qg4 Nxd2 29. f6 g6 30. Rf5 Kh8 31. Rh5 Qxe2 32. Rxh7+ Kxh7 33. Qxe2 Nb1 34. Qe1 Rh8 35. Qxb1 d5 36. Qe1 e4 37. Qh4+ Kg8 38. Qf4 Rc8 39. Qe5 Rd8 40. Qe7 Rc8 41. Qd7 Rf8 42. Qe7 Rh5 43. c4 dxc4 44. bxc4 Rf5 45. Kh2 Rf2 46. h4 e3 47. h5 e2 48. h6 Rc8 49. Kg3 Rxf6 50. Qxf6 e1Q+ 51. Kh2 1-0

[Event "SVK-chT3A 9697"]
[Site "Slovakia"]
[Date "1997.??.??"]
[Round "7"]
[White "Petrik, Stanislav"]
[Black "Majzlan, Igor"]
[Result "1-0"]
[WhiteElo "2185"]
[BlackElo "2190"]
[PlyCount "115"]
[EventDate "1996.??.??"]
[EventType "team-swiss"]
[EventRounds "11"]
[EventCountry "SVK"]
[SourceTitle "EXT 1998"]
[Source "ChessBase"]
[SourceDate "1997.11.17"]
[SourceVersion "1"]
[SourceVersionDate "1997.11.17"]
[SourceQuality "1"]

1. e4 e6 2. d4 d5 3. e5 c5 4. c3 Nc6 5. a3 c4 6. f4 Nge7 7. Be2 Bd7 8. Nd2 Na5 9. Ngf3 Nf5 10. Kf2 h5 11. g3 g6 12. Qe1 Ba4 13. Bd1 Qd7 14. Nf1 Bxd1 15. Qxd1 Nb3 16. Rb1 Be7 17. Bd2 b5 18. Be1 a5 19. N1d2 Nxd2 20. Bxd2 Qc6 21. b4 axb4 22. axb4 Kd7 23. Qc2 Ra4 24. Ra1 Rha8 25. Qb2 Qa6 26. Rxa4 Qxa4 27. Rb1 Qa2 28. Kg2 Ra3 29. Kf2 Ng7 30. Kg2 Ne8 31. h3 Nc7 32. g4 hxg4 33. hxg4 Qxb2 34. Rxb2 Ra1 35. Rc2 Na8 36. Rc1 Rxc1 37. Bxc1 Nb6 38. Kg3 Na4 39. Bd2 Nb2 40. Ne1 Ke8 41. f5 gxf5 42. gxf5 Nd1 43. Nc2 Kd7 44. Kf3 Kc6 45. Na3 Kb6 46. Nb1 exf5 47. Kf4 Nf2 48. Kxf5 Ne4 49. e6 f6 50. Bf4 Kc6 51. Kg6 Nxc3 52. Nxc3 Bxb4 53. Kf7 Ba3 54. Bh6 Bd6 55. Bf8 b4 56. Bxd6 Kxd6 57. Na2 b3 58. Nc3 1-0

[Event "SVK-chT1W 9798"]
[Site "Slovakia"]
[Date "1997.??.??"]
[Round "?"]
[White "Veselsky, Jozef"]
[Black "Majzlan, Igor"]
[Result "0-1"]
[WhiteElo "2275"]
[BlackElo "2170"]
[PlyCount "90"]
[EventDate "1997.??.??"]
[EventType "team"]
[EventRounds "11"]
[EventCountry "SVK"]
[SourceTitle "EXT 1999"]
[Source "ChessBase"]
[SourceDate "1998.11.16"]
[SourceVersion "1"]
[SourceVersionDate "1998.11.16"]
[SourceQuality "1"]

1. d4 Nf6 2. Nf3 g6 3. c4 Bg7 4. Nc3 0-0 5. e4 d6 6. Be2 e5 7. dxe5 dxe5 8. Qxd8 Rxd8 9. Bg5 Re8 10. Nd5 Nxd5 11. cxd5 c6 12. Bc4 cxd5 13. Bxd5 Nc6 14. 0-0-0 Bg4 15. Kb1 Bxf3 16. gxf3 Nd4 17. Be3 Re7 18. f4 Ne2 19. fxe5 Bxe5 20. Rd2 Nf4 21. Bb3 b6 22. Rhd1 Rc8 23. Rd8+ Rxd8 24. Rxd8+ Kg7 25. Bd2 Rc7 26. a4 Kf6 27. Bb4 Ne6 28. Bxe6 Kxe6 29. Re8+ Kf6 30. h3 Rd7 31. f3 Bd4 32. Kc2 Kg5 33. Bd2+ Kh4 34. Bb4 Kxh3 35. f4 Kg4 36. e5 h5 37. e6 fxe6 38. Rxe6 Kf5 39. Re8 h4 40. Rf8+ Kg4 41. Rg8 Bg7 42. Re8 h3 43. Re1 Bd4 44. Re6 Kf5 45. Re2 Rh7 0-1

[Event "SVK-chT2 9596"]
[Site "Slovakia"]
[Date "1995.??.??"]
[Round "?"]
[White "Majzlan, Igor"]
[Black "Veres, Robert"]
[Result "1/2-1/2"]
[WhiteElo "2175"]
[BlackElo "2225"]
[PlyCount "144"]
[EventDate "1995.??.??"]
[EventType "team"]
[EventRounds "13"]
[EventCountry "SVK"]
[SourceTitle "EXT 1997"]
[Source "ChessBase"]
[SourceDate "1996.11.15"]
[SourceVersion "1"]
[SourceVersionDate "1996.11.15"]
[SourceQuality "1"]

1. e4 c5 2. c3 d5 3. exd5 Qxd5 4. d4 Nc6 5. Nf3 e5 6. Be3 cxd4 7. cxd4 Bg4 8. Nc3 Bb4 9. dxe5 Bxf3 10. Qxf3 Qxe5 11. Rc1 Nf6 12. Bc4 Na5 13. Be2 0-0 14. 0-0 Nc6 15. Bf4 Qa5 16. Bc4 Nh5 17. a3 Bxc3 18. Rxc3 Nxf4 19. Qxf4 Rad8 20. Re1 b5 21. b4 Qb6 22. Ba2 Nd4 23. h3 Ne6 24. Bxe6 fxe6 25. Qe3 Qxe3 26. Rcxe3 Rd2 27. f3 Ra2 28. R1e2 Ra1+ 29. Kf2 Rc8 30. Rd3 Rc7 31. Rxe6 Kf7 32. Re2 h6 33. f4 a6 34. Kf3 g6 35. Red2 Re7 36. Re2 Rf1+ 37. Rf2 Ra1 38. g4 Rh1 39. Kg3 Rg1+ 40. Rg2 Ra1 41. f5 gxf5 42. Rf2 Re6 43. Rxf5+ Kg6 44. Rfd5 Rae1 45. Rd6 R1e3+ 46. Rxe3 Rxd6 47. Kf4 Kf6 48. h4 Rd4+ 49. Re4 Rd3 50. g5+ hxg5+ 51. hxg5+ Kf7 52. Re3 Rd6 53. Rc3 a5 54. Ke5 Rg6 55. Rc7+ Kg8 56. Kf5 Rb6 57. Rc5 axb4 58. axb4 Kf7 59. g6+ Kg7 60. Rc7+ Kg8 61. Kg5 Rb8 62. Kh6 Kh8 63. Rc6 Kg8 64. Rc7 Kh8 65. Kg5 Kg8 66. Kf4 Rb6 67. Kf5 Kf8 68. g7+ Kg8 69. Ke5 Rg6 70. Kd5 Rg4 71. Kc5 Rc4+ 72. Kb6 Rxb4 1/2-1/2

[Event "SVK-chT2B 9596"]
[Site "Slovakia"]
[Date "1995.??.??"]
[Round "4"]
[White "Saljova, Silvie"]
[Black "Majzlan, Igor"]
[Result "1-0"]
[WhiteElo "2235"]
[BlackElo "2175"]
[PlyCount "75"]
[EventDate "1995.??.??"]
[EventType "team"]
[EventRounds "14"]
[EventCountry "SVK"]
[SourceTitle "EXT 2001"]
[Source "ChessBase"]
[SourceDate "2000.11.22"]
[SourceVersion "1"]
[SourceVersionDate "2000.11.22"]
[SourceQuality "1"]

1. d4 Nf6 2. Nf3 g6 3. Bg5 Bg7 4. c4 0-0 5. Nc3 d6 6. e3 b6 7. Be2 Bb7 8. Qc2 Nc6 9. a3 e5 10. dxe5 Nxe5 11. Nd5 c6 12. Nc3 h6 13. Bh4 Qe7 14. 0-0 Rad8 15. Rad1 Nxf3+ 16. Bxf3 g5 17. Bg3 h5 18. h3 g4 19. hxg4 hxg4 20. Be2 Nh5 21. Ne4 Nxg3 22. Nxg3 Qe5 23. Nf5 Qxb2 24. Ne7+ Kh8 25. Qf5 Qe5 26. Qxe5 Bxe5 27. Bxg4 Rfe8 28. Nf5 d5 29. f4 Bb2 30. cxd5 cxd5 31. Kf2 Bxa3 32. Ra1 Bc5 33. Rxa7 Rb8 34. Rh1+ Kg8 35. Rh5 b5 36. Ra1 Ra8 37. Rah1 Ra2+ 38. Kg3 1-0

[Event "Bratislava op"]
[Site "Bratislava"]
[Date "1995.??.??"]
[Round "1"]
[White "Samko, Karol"]
[Black "Majzlan, Igor"]
[Result "1/2-1/2"]
[WhiteElo "1895"]
[BlackElo "2275"]
[PlyCount "61"]
[EventDate "1995.??.??"]
[EventType "swiss"]
[EventRounds "9"]
[EventCountry "SVK"]
[SourceTitle "EXT 1997"]
[Source "ChessBase"]
[SourceDate "1996.11.15"]
[SourceVersion "1"]
[SourceVersionDate "1996.11.15"]
[SourceQuality "1"]

1. e4 e6 2. d4 d5 3. Nc3 Nf6 4. Bg5 dxe4 5. Nxe4 Nbd7 6. Nf3 Be7 7. Nxf6+ Bxf6 8. Bxf6 Nxf6 9. Bd3 c5 10. Bb5+ Bd7 11. Bxd7+ Nxd7 12. 0-0 cxd4 13. Qxd4 0-0 14. Rfd1 Nf6 15. Rd2 Qa5 16. Qe5 Qb6 17. Rd6 Qc7 18. Rd2 Qc6 19. Qd6 Qb5 20. Qe5 Nd5 21. b3 Qc6 22. c4 Nf6 23. Rd6 Qe4 24. Qxe4 Nxe4 25. Rd7 Rab8 26. Rad1 Nf6 27. R7d4 Rfe8 28. Ne5 Kf8 29. Kf1 Ke7 30. Ke2 Rbc8 31. f3 1/2-1/2

[Event "SVK-chT"]
[Site "Slovakia"]
[Date "1994.??.??"]
[Round "12"]
[White "Bednar, Jaromir"]
[Black "Majzlan, Igor"]
[Result "1-0"]
[WhiteElo "2190"]
[BlackElo "2280"]
[PlyCount "103"]
[EventDate "1994.??.??"]
[EventType "team"]
[EventRounds "13"]
[EventCountry "SVK"]
[SourceTitle "TD"]
[Source "ChessBase"]
[SourceDate "1994.03.01"]
[SourceVersion "1"]
[SourceVersionDate "1994.03.01"]
[SourceQuality "1"]

1. e4 e6 2. d3 d5 3. Nd2 c5 4. Ngf3 Nc6 5. g3 g6 6. Bg2 Bg7 7. 0-0 Nge7 8. Re1 0-0 9. Nf1 b6 10. h4 Ba6 11. e5 Qc7 12. Bf4 d4 13. Qd2 Rfd8 14. Bh6 Bh8 15. N1h2 Rac8 16. Ng4 Nd5 17. Bg5 Re8 18. Bf6 Nxf6 19. exf6 h5 20. Nh6+ Kf8 21. Ng5 Bxf6 22. Nhxf7 e5 23. Bd5 Ke7 24. Bxc6 Qxc6 25. Nxe5 Bxe5 26. Rxe5+ Kd7 27. Rae1 Bb7 28. f3 Qf6 29. Qe2 Rxe5 30. Qxe5 Qxe5 31. Rxe5 Rf8 32. Kf2 Rf6 33. Ne4 Re6 34. Rg5 Ke7 35. g4 hxg4 36. Rxg4 Bd5 37. b3 Bc6 38. Rg5 Kf7 39. Kg3 Ba8 40. Kf4 Bc6 41. Re5 Rxe5 42. Kxe5 Ke7 43. Kf4 Ke6 44. Kg5 Be8 45. f4 a5 46. a4 Ke7 47. Nd2 b5 48. axb5 Bxb5 49. Kxg6 a4 50. bxa4 Bxa4 51. Nb3 c4 52. Nxd4 1-0

[Event "Bratislava op"]
[Site "Bratislava"]
[Date "1994.??.??"]
[Round "6"]
[White "Kebis, Milos"]
[Black "Majzlan, Igor"]
[Result "0-1"]
[WhiteElo "2210"]
[BlackElo "2225"]
[PlyCount "80"]
[EventDate "1994.??.??"]
[EventType "swiss"]
[EventRounds "9"]
[EventCountry "SVK"]
[SourceTitle "EXT 1997"]
[Source "ChessBase"]
[SourceDate "1996.11.15"]
[SourceVersion "1"]
[SourceVersionDate "1996.11.15"]
[SourceQuality "1"]

1. d4 Nf6 2. Nf3 g6 3. c4 Bg7 4. Nc3 0-0 5. e4 d6 6. Be2 e5 7. 0-0 Nc6 8. Bg5 exd4 9. Nd5 h6 10. Nxf6+ Bxf6 11. Bxh6 Re8 12. Nd2 Kh7 13. Bf4 Be5 14. Bg3 Kg7 15. f4 Bf6 16. a3 d3 17. Bxd3 Bxb2 18. Ra2 Bd4+ 19. Kh1 Bf6 20. Nf3 Bg4 21. h3 Rh8 22. Qb1 Rb8 23. e5 dxe5 24. fxe5 Be7 25. Rd2 Bxf3 26. Rxf3 Nd4 27. Be4 c5 28. e6 f5 29. Bxb8 Qxb8 30. Rf1 b6 31. Bd5 Qe5 32. Qe1 Qf6 33. Rd3 Bd6 34. a4 g5 35. Qe3 g4 36. Qe1 f4 37. Qe4 Nf5 38. Rxf4 Qa1+ 39. Kh2 Qf1 40. Rdf3 gxf3 0-1

[Event "SVK-chT"]
[Site "Slovakia"]
[Date "1994.??.??"]
[Round "?"]
[White "Klemanic, Emil"]
[Black "Majzlan, Igor"]
[Result "1-0"]
[WhiteElo "2215"]
[BlackElo "2280"]
[PlyCount "81"]
[EventDate "1994.??.??"]
[EventType "team"]
[EventRounds "13"]
[EventCountry "SVK"]
[SourceTitle "TD"]
[Source "ChessBase"]
[SourceDate "1994.03.01"]
[SourceVersion "1"]
[SourceVersionDate "1994.03.01"]
[SourceQuality "1"]

1. Nf3 Nf6 2. d4 g6 3. c4 Bg7 4. Nc3 0-0 5. Bf4 d6 6. e3 Nbd7 7. Be2 Nh5 8. Bg5 c6 9. 0-0 h6 10. Bh4 g5 11. Bg3 Nxg3 12. hxg3 f5 13. Qc2 e5 14. dxe5 dxe5 15. Rad1 Qe7 16. a3 a5 17. Na4 e4 18. Nd4 Nc5 19. Nb6 Rb8 20. Qc3 Nd7 21. Qxa5 c5 22. Nd5 Qe5 23. Nb5 Qxb2 24. Bh5 Ne5 25. Qc7 Be6 26. Qxc5 Kh8 27. Nd4 Rbc8 28. Qe7 Bf7 29. Rb1 Qa2 30. Nxf5 Nc6 31. Qxe4 Bxh5 32. Nxg7 Kxg7 33. Rxb7+ Rf7 34. Qe6 Rxb7 35. Qxc8 Na5 36. Qd8 Nxc4 37. Qf6+ Kh7 38. Qc6 Na5 39. Qd6 Bg6 40. Rc1 Rb1 41. Qe7+ 1-0